000 00554nam a2200193Ia 4500
005 20250508161720.0
008 008 250505s9999 xx 000 0 eng d
037 _aTextual
040 _aFEDL
_beng
_cFEDL
041 _aeng
_2eng
084 _a370.15, WED
_qFEDL
100 _aWedge Bryant M. Ed.
_9771442
245 0 _aPsychosocial problems of college men
260 _aNew Haven
_bYale University Press
_c1958
300 _aix,291p.
650 _aEducation - Psychology
942 _cTEXL
_h370.15, WED
999 _c1371708
_d1371708